Les dragons de Villars (Record no. 173215)

MARC details
000 -LEADER
campo de control de longitud fija 00792nam a2200229 i 4500
001 - NÚMERO DE CONTROL
campo de control 173215
003 - IDENTIFICADOR DE NÚMERO DE CONTROL
campo de control ES-MaACL
005 - FECHA Y HORA DE LA ÚLTIMA TRANSACCIÓN
campo de control 20250822063224.0
008 - DATOS DE LONGITUD FIJA--INFORMACIÓN GENERAL
campo de control de longitud fija 091118s1889 fr |||| | fre d
080 ## - NÚMERO DE LA CLASIFICACIÓN DECIMAL UNIVERSAL
Número de la Clasificación Decimal Universal 782.6
100 0# - ENTRADA PRINCIPAL--NOMBRE DE PERSONA
Nombre de persona Lockroy, Joseph-Philippe,
Fechas asociadas al nombre 1803-1891
9 (RLIN) 73057
245 14 - MENCIÓN DEL TÍTULO
Título Les dragons de Villars
Resto del título : opéra-comique en trois actes /
Mención de responsabilidad, etc. par Lockroy et Cormon ; musique de Aimé Maillart.
250 ## - MENCION DE EDICION
Mención de edición Nouvelle édition.
260 ## - PUBLICACIÓN, DISTRIBUCIÓN, ETC.
Lugar de publicación, distribución, etc. Paris :
Nombre del editor, distribuidor, etc. Calmann Lévy,
Fecha de publicación, distribución, etc. 1889.
300 ## - DESCRIPCIÓN FÍSICA
Extensión 67 p. ;
Dimensiones 17 cm.
500 ## - NOTA GENERAL
Nota general Solo la letra.
650 #4 - PUNTO DE ACCESO ADICIONAL DE MATERIA--TÉRMINO DE MATERIA
Término de materia o nombre geográfico como elemento de entrada Óperas-
Subdivisión de forma Libretos.
9 (RLIN) 137584
700 1# - ENTRADA AGREGADA--NOMBRE PERSONAL
Nombre de persona Cormon, Eugène.
9 (RLIN) 139107
700 1# - ENTRADA AGREGADA--NOMBRE PERSONAL
Nombre de persona Maillart, Aimé.
9 (RLIN) 141574
852 ## - LOCALIZACIÓN
Ubicación ES-MaACL
Número de control de estantería 2254-F-32
itemnumber R.190324
Nota libre .- Biblioteca Jacinto Martínez Lacalle
Holdings
Estatus retirado Estado de pérdida Estado de daño No para préstamo Colección Biblioteca de origen Biblioteca actual Ubicación en estantería Fecha de adquisición Fuente de adquisición Total de préstamos Signatura topográfica completa Código de barras Visto por última vez Precio de reemplazo Tipo de ítem Koha
        Colección de folletos Biblioteca del Ateneo de Madrid Biblioteca del Ateneo de Madrid Depósito folletos 18/11/2009     2254-F-32 1181753 23/02/2023 23/02/2023 Folleto